00473 a2200145 4500003000500000005001700005040000900022082001100031245007900042505003000121650002100151651003300172999001900205952010300224Nust20170207154601.0 cNust a025.34 aBetter english pronunciation : Units : 8-39, side 1: units: 41-63, side 2  aAlmirah No.73 shelf No.6  aEnglish learning aBetter english pronunciation c198611d198611 00102ddc40708NFICaMCSbMCSd2016-12-12l0o025.34 BETpMCSCst-27r2016-12-08w2016-12-12yBK